Los militares y la sociedad en la Europa del siglo XXI: un análisis comparativo
Gespeichert in:
| Körperschaften: | , |
|---|---|
| Format: | Buch |
| Sprache: | Spanisch |
| Veröffentlicht: |
Santiago
Fundación Konrad Adenauer
2004
Santiago Armada de Chile 2004 |
| Schlagworte: | |
| Tags: |
Tag hinzufügen
Keine Tags, Fügen Sie den ersten Tag hinzu!
|
MARC
| LEADER | 00000nam a2200000 a 4500 | ||
|---|---|---|---|
| 001 | UCK5247 | ||
| 003 | CL-VaPUC | ||
| 008 | 050715e20040000cl |||||||||||||||||spa|d | ||
| 020 | |a 9567684081 | ||
| 082 | 0 | 4 | |a 306.27 |b ARM |2 21 |
| 110 | 2 | |a Armada de Chile |e author |9 494008 | |
| 710 | 2 | |a Fundación Konrad Adenauer |e author |9 494009 | |
| 245 | 1 | 4 | |a Los militares y la sociedad en la Europa del siglo XXI: un análisis comparativo |
| 300 | |a 546 p | ||
| 942 | |c BK | ||
| 945 | |d 20050715 00:00:00 |a jcarroza | ||
| 260 | |a Santiago |b Fundación Konrad Adenauer |c 2004 | ||
| 260 | |a Santiago |b Armada de Chile |c 2004 | ||
| 650 | 0 | |a Militares |9 336881 | |
| 650 | 7 | |a RELACIONES CIVICO MILITARES |2 CL-VaPUC |9 315814 | |
| 650 | 0 | |a Fuerzas Armadas |9 255504 | |
| 651 | 0 | |a Europa |9 255156 | |
| 583 | |a last modification |c 20171011 01:33:29 |k Rodrigo Vera | ||
| 999 | |c 313879 |d 313877 | ||
| 952 | |0 0 |1 0 |4 0 |6 306_270000000000000_ARM_2004_2004 |7 0 |8 A |9 385657 |a BIBHIS |b BIBHIS |d 2019-11-22 |i 4146743 |o 306.27 ARM 2004 2004 |p 4146743 |r 2025-01-20 |w 2019-11-22 |y BK |k HIS | ||
| 952 | |0 0 |1 0 |4 0 |6 306_270000000000000_ARM_2004_2004 |7 0 |8 A |9 385658 |a BIBHIS |b BIBHIS |d 2019-11-22 |i 4146735 |o 306.27 ARM 2004 2004 |p 4146735 |r 2025-01-20 |w 2019-11-22 |y BK |k HIS | ||
| 952 | |0 0 |1 0 |4 0 |6 306_270000000000000_ARM_2004_2004 |7 0 |8 A |9 385659 |a BIBHIS |b BIBHIS |d 2019-11-22 |i 4152433 |o 306.27 ARM 2004 2004 |p 4152433 |r 2025-01-20 |w 2019-11-22 |y BK |k HIS | ||